<?xml version="1.0" encoding="UTF-8"?>
<record
    xmlns:xsi="http://www.w3.org/2001/XMLSchema-instance"
    xsi:schemaLocation="http://www.loc.gov/MARC21/slim http://www.loc.gov/standards/marcxml/schema/MARC21slim.xsd"
    xmlns="http://www.loc.gov/MARC21/slim">

  <leader>00918nam a22002177a 4500</leader>
  <datafield tag="952" ind1=" " ind2=" ">
    <subfield code="0">0</subfield>
    <subfield code="1">0</subfield>
    <subfield code="2">lcc</subfield>
    <subfield code="4">0</subfield>
    <subfield code="7">0</subfield>
    <subfield code="a">21</subfield>
    <subfield code="b">21</subfield>
    <subfield code="d">2013-08-07</subfield>
    <subfield code="l">8</subfield>
    <subfield code="o">BJ1142 G37 2012</subfield>
    <subfield code="p">21 001931</subfield>
    <subfield code="r">2024-01-24</subfield>
    <subfield code="s">2019-08-26</subfield>
    <subfield code="t">1</subfield>
    <subfield code="w">2013-08-07</subfield>
    <subfield code="y">LB</subfield>
  </datafield>
  <datafield tag="952" ind1=" " ind2=" ">
    <subfield code="0">0</subfield>
    <subfield code="1">0</subfield>
    <subfield code="2">lcc</subfield>
    <subfield code="4">0</subfield>
    <subfield code="7">0</subfield>
    <subfield code="a">21</subfield>
    <subfield code="b">21</subfield>
    <subfield code="d">2013-08-07</subfield>
    <subfield code="l">4</subfield>
    <subfield code="o">BJ1142 G37 2012</subfield>
    <subfield code="p">21 001932</subfield>
    <subfield code="r">2024-01-24</subfield>
    <subfield code="s">2019-09-18</subfield>
    <subfield code="t">2</subfield>
    <subfield code="w">2013-08-07</subfield>
    <subfield code="y">LB</subfield>
  </datafield>
  <datafield tag="952" ind1=" " ind2=" ">
    <subfield code="0">0</subfield>
    <subfield code="1">0</subfield>
    <subfield code="2">lcc</subfield>
    <subfield code="4">0</subfield>
    <subfield code="7">0</subfield>
    <subfield code="a">21</subfield>
    <subfield code="b">21</subfield>
    <subfield code="d">2013-08-07</subfield>
    <subfield code="l">14</subfield>
    <subfield code="m">1</subfield>
    <subfield code="o">BJ1142 G37 2012</subfield>
    <subfield code="p">21 001933</subfield>
    <subfield code="r">2024-01-24</subfield>
    <subfield code="s">2017-12-13</subfield>
    <subfield code="t">3</subfield>
    <subfield code="w">2013-08-07</subfield>
    <subfield code="y">LB</subfield>
  </datafield>
  <datafield tag="952" ind1=" " ind2=" ">
    <subfield code="0">0</subfield>
    <subfield code="1">0</subfield>
    <subfield code="2">lcc</subfield>
    <subfield code="4">0</subfield>
    <subfield code="7">0</subfield>
    <subfield code="a">21</subfield>
    <subfield code="b">21</subfield>
    <subfield code="d">2016-04-26</subfield>
    <subfield code="l">5</subfield>
    <subfield code="o">BJ1142 G37 2012</subfield>
    <subfield code="p">21 003023</subfield>
    <subfield code="r">2024-01-24</subfield>
    <subfield code="s">2018-10-23</subfield>
    <subfield code="t">4</subfield>
    <subfield code="w">2016-04-26</subfield>
    <subfield code="y">LB</subfield>
  </datafield>
  <datafield tag="999" ind1=" " ind2=" ">
    <subfield code="c">90340</subfield>
    <subfield code="d">90340</subfield>
  </datafield>
  <controlfield tag="008">130807r2012    mx a|||| |||| 00| 0 spa d</controlfield>
  <datafield tag="020" ind1=" " ind2=" ">
    <subfield code="a">9789682475306</subfield>
  </datafield>
  <datafield tag="050" ind1="0" ind2="4">
    <subfield code="a">BJ1142 </subfield>
    <subfield code="b">G37 2012</subfield>
  </datafield>
  <datafield tag="100" ind1="1" ind2="0">
    <subfield code="a">Garc&#xED;a Alonso, Luz</subfield>
    <subfield code="e">autora</subfield>
  </datafield>
  <datafield tag="245" ind1="1" ind2="0">
    <subfield code="a">&#xC8;tica o filosof&#xEC;a moral</subfield>
    <subfield code="c">/ Luz Garc&#xEC;a Alonso</subfield>
  </datafield>
  <datafield tag="250" ind1=" " ind2=" ">
    <subfield code="a">2a. edici&#xF3;n</subfield>
  </datafield>
  <datafield tag="260" ind1=" " ind2=" ">
    <subfield code="a">M&#xE9;xico </subfield>
    <subfield code="b">: Trillas</subfield>
    <subfield code="c">,2012</subfield>
  </datafield>
  <datafield tag="300" ind1=" " ind2=" ">
    <subfield code="a">256 p&#xE1;ginas</subfield>
    <subfield code="c">; 23 cm. </subfield>
  </datafield>
  <datafield tag="500" ind1=" " ind2=" ">
    <subfield code="a">Reimpresi&#xF3;n 2012</subfield>
  </datafield>
  <datafield tag="505" ind1=" " ind2=" ">
    <subfield code="a">Introducci&#xF2;n del estudio de la &#xE8;tica, esencia y moralidad. esencia de la moralidad, el problema de la libertad, la moralizaci&#xF2;n del individuo, doctrinas fundamentales.</subfield>
  </datafield>
  <datafield tag="519" ind1=" " ind2=" ">
    <subfield code="a">UNAM/</subfield>
    <subfield code="b">Preparatoria /</subfield>
    <subfield code="c">&#xC9;tica (1512)</subfield>
    <subfield code="d">(21 001931, 21 001932, 21 001933, 21 003023)</subfield>
  </datafield>
  <datafield tag="650" ind1=" " ind2=" ">
    <subfield code="a">&#xC9;TICA</subfield>
    <subfield code="x">ESTUDIO Y ENSE&#xD1;ANZA</subfield>
  </datafield>
  <datafield tag="700" ind1=" " ind2=" ">
    <subfield code="a">Mansur Kuri, Miguel</subfield>
    <subfield code="c">prolog.</subfield>
  </datafield>
  <datafield tag="942" ind1=" " ind2=" ">
    <subfield code="c">LB</subfield>
    <subfield code="2">lcc</subfield>
  </datafield>
</record>
